000 01966cam a22005054i 4500
003 PE-LiUPU
005 20250731165539.0
008 150625s r 000 0 d
035 _a(Sirsi) a32865
035 _a(Sirsi) a32865
040 _aPE-LiUPU
_bspa
_cPE-LiUPU
_erda
082 0 4 _a808.88
_bS57
_221
100 1 _aPros, Jorge Sintes,
_eautor.
245 1 0 _aGran diccionario de frases célebres /
_cJorge Sintes Pros.
264 1 _aBarcelona :
_bEditorial Sintes,
_c1961
300 _a374 páginas,
_c25 centímetros
336 _atext
_2rdacontent
337 _aunmediated
_2rdamedia
338 _avolume
_2rdacarrier
526 _aSEG44
526 _aSEG26
526 _aP151
526 _aP150
526 _aP149
526 _aP146
526 _aP145
526 _aP126
526 _aP125
526 _aP92
526 _aP75
526 _aP74
526 _aP27
526 _aP15
650 0 4 _aFrases célebres
_vDiccionarios.
910 _a
942 _2ddc
_cBOOK
949 _aRC 808.88 S57
_wDEWEY
_c1
_i20747
_lRC
_mBUL
_r0
_sY
_tBOOK
_u2015-6-25
_xBIBLIOTECA
_zUNKNOWN
_0COMPRA
_o.CIRCNOTE. No olvidar cambiar la fecha de devolución!!!!!!!
_o.STAFF. Colección General
949 _aRC 808.88 S57
_wDEWEY
_c2
_i11125
_lCCODEBUL1
_mBUL
_r0
_sY
_tBOOK
_u2015-6-25
_xBIBLIOTECA
_zUNKNOWN
_0COMPRA
_o.CIRCNOTE. No olvidar cambiar la fecha de devolución!!!!!!!
_o.STAFF. Colección General
994 _aC0
_bPEPRU
596 _a1
999 _aRC 808.88 S57
_wDEWEY
_c40564
_i20747
_f2022-5-11
_g1
_lCCODEBUL1
_mBUL
_r0
_sY
_tBOOK
_u2015-6-25
_xBIBLIOTECA
_zUNKNOWN
_0COMPRA
_o.CIRCNOTE. No olvidar cambiar la fecha de devolución!!!!!!!
_o.STAFF. Colección General
_d40564
999 _aRC 808.88 S57
_wDEWEY
_c2
_i11125
_lDISCARD
_mBUL
_r0
_sY
_tBOOK
_u2015-6-25
_xBIBLIOTECA
_zUNKNOWN
_0COMPRA
_o.CIRCNOTE. No olvidar cambiar la fecha de devolución!!!!!!!
_o.STAFF. Colección General
980 _81
_gALBERTO SANCHEZ Responsable de Automatización